000 00935cam a2200217 4500
001 ABS60720
008 000000n1999 000 0 eng u
035 _a(Sirsi) u101206
100 _aEvans, D.
245 _aKnow the root cause of subsidence.
260 _c1999
490 _aCSM
_bChartered Surveyor Monthly
_v8(10) June 1999, 38-39(2)
520 _aClimatic change, including lower rainfall and higher temperatures, has meant an increase in subsidence claims, with trees often being blamed for the damage. The author argues, however, that most claims made against trees are unfounded and based on inaccurate or misleading advice, and emphasises the need for surveyors and valuers to be aware of best practice.
650 _aSUBSIDENCE
650 _aTREE DAMAGE
650 _aSOIL SHRINKAGE
650 _aCLIMATE CHANGE
650 _aPROFESSIONAL ADVICE
690 _aBUILT ENVIRONMENT-BUILDING PATHOLOGY
942 _n0
999 _c60367
_d60367